000 00744nas a2200229 4500
001 BR8000027
003 BR-BrBNA
005 20231205084056.0
007 ta
008 230509b bl.|||p| |||| 00| 00por d
040 _aBR-BrBNA
_bpor
_cBiblioteca Nacional de Agricultura
041 _a(Pt)
072 _aH20
100 1 _aDuarte, C.S.
100 1 _aSouza, S.M.C.
245 1 _aComportamento das principais doencas do cafeeiro apos a ocorrencia de geadas [Coffea arabica]
650 _aCAFE
650 _aGEADA
773 0 _tInforme Agropecuario - Empresa de Pesquisa Agropecuaria de Minas Gerais (Brazil)
_xISSN 0100-3364
_g(Jun 1979), v. 5(54) p. 45-46
_wBR8000027
909 _a202311
_bLúcia
_c55
_dLúcia Elande
942 _2AGRIS
_n0
_cANA
999 _c102980
_d102980